| 000 | 00843nam a2200277 a 4500 | ||
|---|---|---|---|
| 650 | 1 | 6 | _aRecursos genéticos forestales |
| 999 |
_c1280 _d1280 |
||
| 005 | 20191224041558.0 | ||
| 008 | 171010s 197 ck ||||| |||| 00| 0 spa d | ||
| 040 |
_aCO-BoIAVH _cCO-BoIAVH |
||
| 041 | _aspa | ||
| 044 | _ack | ||
| 090 |
_aIND-I _b62 |
||
| 100 | _aDijk, Kornelis van | ||
| 245 | 1 | 3 | _aEl suministro de semillas como base de reforestaciones en Colombia |
| 260 |
_aBogotá _bInderena _bCONIF _bPNUD _bFAO _c1978 |
||
| 300 | _a44 páginas | ||
| 650 | 1 | 6 | _aSemillas |
| 650 | 1 | 6 | _aReforestación |
| 650 | 1 | 6 | _aPlantaciones forestales |
| 650 | 1 | 6 | _aConservación ex situ |
| 650 | 1 | 6 | _aPropagación de especies |
| 662 | _aColombia | ||
| 700 | _aMelchior, G. H. | ||
| 700 | _aVanegas Tovar, Luis | ||
| 942 |
_cINFORME _2z |
||